000 00363 a2200157 4500
001 151942
040 _cEscola São Tomás de Aquino
100 _aSAUDANHA, PAULA
240 1 0 _aterra do descobrimento
_lpor
245 1 0 _aterra do descobrimento
300 _a39
362 0 _a1996
440 1 _aEdiouro
697 _a*LITERATURA INFANTO JUVENIL
942 _cBK
999 _c151942
_d151942